| 000 | 00758nam a2200205Ia 4500 | ||
|---|---|---|---|
| 003 | GCL | ||
| 008 | 140319s9999 xx 000 0 ara d | ||
| 020 | _a1156248977 | ||
| 040 |
_aGCL / _cGCL |
||
| 082 | 0 | 4 |
_a811.9 _bع د |
| 100 | 1 | _aعمر عبدالواحد | |
| 245 | 1 | 0 |
_aدوائر التناص / _cعمر عبدالواحد |
| 260 |
_aالقاهرة : _bدار الهدى للنشر والتوزيع ، _c2003 |
||
| 300 |
_a204 ص ؛ _c24 سم |
||
| 650 | 0 | 4 | _aالشعر العربى - تاريخ ونقد |
| 650 | 0 | 4 | _aالشعر العربى - دواوين وقصائد |
| 650 | 0 | 4 | _aالادب العربى - تاريخ ونقد |
| 650 | 0 | 4 | _aالشعر العربى - مصر - تاريخ ونقد - العصر الحديث |
| 942 |
_2ddc _cBK |
||
| 999 |
_c6382 _d6382 |
||